[Event "TUR-ch U13/18 Girls"]
[Site "Antalya"]
[Date "2023.01.27"]
[Round "8"]
[White "Baloglu, Dila"]
[Black "Unal, Beren"]
[Result "1-0"]
[WhiteElo "1777"]
[BlackElo "1445"]
[PlyCount "115"]
[EventDate "2023.01.17"]
[EventType "swiss"]
[EventRounds "9"]
[EventCountry "TUR"]
[SourceTitle "EXT 2024"]
[Source "ChessBase"]
[SourceDate "2023.10.10"]
[SourceVersion "1"]
[SourceVersionDate "2023.10.10"]
[SourceQuality "1"]

1. e4 d5 2. exd5 Qxd5 3. Nc3 Qd6 4. d4 Nf6 5. Nf3 a6 6. Be2 b5 7. Ne5 Bb7 8. Bf3 Qb6 9. Be3 Nbd7 10. a4 Rb8 11. axb5 axb5 12. 0-0 e6 13. d5 Bc5 14. Nxd7 Nxd7 15. dxe6 fxe6 16. Bxc5 Nxc5 17. Bxb7 Nxb7 18. Qh5+ g6 19. Qxb5+ Qxb5 20. Nxb5 c6 21. Nd4 Nd8 22. Rfe1 Kf7 23. Ra7+ Kf6 24. b3 c5 25. Nf3 Nc6 26. Ra6 Rbc8 27. Nd2 Nd4 28. c3 Nf5 29. Raxe6+ Kg7 30. g4 Nh4 31. Re7+ Kh6 32. Rf7 Rhf8 33. Rxf8 Rxf8 34. Re3 Rd8 35. Nf1 Rd1 36. f4 Rb1 37. Kf2 Rxb3 38. Kg3 g5 39. fxg5+ Kxg5 40. Re5+ Kf6 41. Rxc5 Ng6 42. Ne3 Ne5 43. Rc7 Kg6 44. h4 h6 45. Kf4 Nd3+ 46. Ke4 Nf2+ 47. Kd4 Nd3 48. Rc6+ Kg7 49. Ke4 Nf2+ 50. Kf3 Nd3 51. Nf5+ Kf8 52. Ke3 Ne5 53. Rc8+ Kf7 54. Nxh6+ Kg6 55. Ke4 Rb5 56. Nf5 Nxg4 57. Rg8+ Kh5 58. Rg5# 1-0

[Event "TUR-chT 2nd League"]
[Site "Konya"]
[Date "2022.08.24"]
[Round "4.8"]
[White "Unal, Beren"]
[Black "Kaygisiz, Ilayda"]
[Result "1/2-1/2"]
[WhiteElo "1437"]
[BlackElo "1803"]
[PlyCount "213"]
[EventDate "2022.08.22"]
[EventType "team-swiss"]
[EventRounds "9"]
[EventCountry "TUR"]
[SourceTitle "CBM 210 Extra"]
[Source "ChessBase"]
[SourceDate "2022.11.30"]
[SourceVersion "1"]
[SourceVersionDate "2022.11.30"]
[SourceQuality "1"]
[WhiteTeam "Afyonkarahisar Basari"]
[BlackTeam "Denizli Ihtisas"]
[WhiteTeamCountry "TUR"]
[BlackTeamCountry "TUR"]

1. e4 c5 2. Nc3 e6 3. g3 d6 4. Bg2 Nf6 5. Nge2 Be7 6. d3 0-0 7. 0-0 a6 8. h3 Nc6 9. f4 Qc7 10. g4 b5 11. Ng3 Nd7 12. g5 b4 13. Nce2 f6 14. gxf6 Nxf6 15. f5 e5 16. Kh2 Bb7 17. Ng1 d5 18. Nh5 dxe4 19. Nxf6+ Bxf6 20. Bxe4 Nd4 21. c3 bxc3 22. bxc3 Bxe4 23. dxe4 Nb5 24. a4 Rfd8 25. Qf3 Nd6 26. Ne2 Qc6 27. Ng3 Rab8 28. Rg1 Nf7 29. Nh5 Kh8 30. Qg2 Rg8 31. Be3 g6 32. Nxf6 Qxf6 33. fxg6 Rxg6 34. Qf2 Qxf2+ 35. Bxf2 Rb2 36. Rxg6 hxg6 37. Kg3 Ng5 38. Re1 Rc2 39. Kg4 Rxf2 40. Kxg5 Kg7 41. Kg4 Rc2 42. Rb1 Rxc3 43. Rb7+ Kh6 44. Rb6 Rc4 45. Rxa6 Rxe4+ 46. Kf3 Rf4+ 47. Kg3 Kg5 48. a5 Ra4 49. Ra8 Ra3+ 50. Kg2 Kf4 51. a6 Ra2+ 52. Kf1 e4 53. a7 Ke3 54. Rc8 Ra1+ 55. Kg2 Rxa7 56. Rxc5 Ke2 57. Rc6 g5 58. Rc5 Rg7 59. Re5 Ke3 60. Re8 Rf7 61. Re5 Kf4 62. Re8 e3 63. Re6 Rf5 64. Re8 Re5 65. Rf8+ Ke4 66. Rd8 Rf5 67. Re8+ Kd3 68. Rd8+ Ke2 69. Rd7 Ke1 70. Re7 e2 71. Rd7 Rf2+ 72. Kg1 Rf1+ 73. Kg2 Rf5 74. Rd8 Rc5 75. Rd7 Rc2 76. Rd5 Rd2 77. Ra5 Rd3 78. Ra1+ Rd1 79. Ra2 Rd2 80. Ra1+ Rd1 81. Ra2 Rd5 82. Ra1+ Kd2 83. Ra2+ Ke3 84. Ra3+ Rd3 85. Ra1 Rc3 86. Rb1 Kd2 87. Kf2 Rxh3 88. Rb2+ Kd1 89. Rb1+ Kc2 90. Ra1 Rh2+ 91. Kg1 Rh6 92. Kf2 Kd2 93. Ra2+ Kd3 94. Ra3+ Ke4 95. Ra4+ Kf5 96. Kxe2 Rh3 97. Kf2 Rb3 98. Kg2 Kg6 99. Rg4 Kh5 100. Ra4 g4 101. Ra8 Rb2+ 102. Kg3 Rb3+ 103. Kg2 Kh4 104. Rh8+ Kg5 105. Rg8+ Kf4 106. Rf8+ Ke4 107. Rg8 1/2-1/2

[Event "TUR-chT 2nd League"]
[Site "Konya"]
[Date "2022.08.23"]
[Round "2.9"]
[White "Unal, Beren"]
[Black "Gur, Tuba"]
[Result "0-1"]
[WhiteElo "1437"]
[BlackElo "1629"]
[PlyCount "48"]
[EventDate "2022.08.22"]
[EventType "team-swiss"]
[EventRounds "9"]
[EventCountry "TUR"]
[SourceTitle "CBM 210 Extra"]
[Source "ChessBase"]
[SourceDate "2022.11.30"]
[SourceVersion "1"]
[SourceVersionDate "2022.11.30"]
[SourceQuality "1"]
[WhiteTeam "Afyonkarahisar Basari"]
[BlackTeam "Bitlis Ihtisas Egitim"]
[WhiteTeamCountry "TUR"]
[BlackTeamCountry "TUR"]

1. e4 c5 2. Nf3 Nc6 3. Bb5 d6 4. 0-0 e5 5. c3 f5 6. exf5 Nf6 7. Re1 Be7 8. Qb3 Bxf5 9. Ng5 Qd7 10. d4 h6 11. dxe5 hxg5 12. exf6 gxf6 13. Qd5 a6 14. Bxc6 bxc6 15. Qf3 Kf7 16. Nd2 d5 17. c4 Bd6 18. cxd5 Bxh2+ 19. Kf1 cxd5 20. b3 Bf4 21. Kg1 Bg4 22. Qd3 Bh2+ 23. Kf1 Be5 24. Rxe5 Rh1# 0-1

[Event "TUR-chT Clubs"]
[Site "Konya"]
[Date "2019.07.18"]
[Round "4.6"]
[White "Unal, Beren"]
[Black "Yurdakul, Didem Nuray"]
[Result "0-1"]
[WhiteElo "1391"]
[BlackElo "1779"]
[PlyCount "84"]
[EventDate "2019.07.16"]
[EventType "team-swiss"]
[EventRounds "9"]
[EventCountry "TUR"]
[SourceTitle "CBM 191 Extra"]
[Source "ChessBase"]
[SourceDate "2019.09.30"]
[SourceVersion "1"]
[SourceVersionDate "2019.09.30"]
[SourceQuality "1"]
[WhiteTeam "Afyonkarahisar Basari"]
[BlackTeam "Canakkale Doruk"]
[WhiteTeamCountry "TUR"]
[BlackTeamCountry "TUR"]

1. e4 c5 2. Nf3 d6 3. d4 cxd4 4. Nxd4 Nf6 5. f3 g6 6. c4 Bg7 7. Be3 0-0 8. Nc3 Nc6 9. Qd2 Nxd4 10. Bxd4 Be6 11. Be2 Qa5 12. 0-0 Rfc8 13. b3 b5 14. b4 Qxb4 15. Rab1 Qa5 16. Rxb5 Qd8 17. Nd5 Bxd5 18. cxd5 Qc7 19. Rfb1 Rab8 20. Rxb8 Rxb8 21. Rc1 Qd7 22. Rc6 Rb1+ 23. Bf1 Qb7 24. Qd3 Nd7 25. Bxg7 Kxg7 26. Qc3+ Nf6 27. Qd3 Qb2 28. h3 h5 29. Rc2 Qb6+ 30. Kh2 h4 31. Rc6 Qb2 32. Rc2 Qe5+ 33. Kg1 Nh5 34. Rc7 Ra1 35. a3 Ng3 36. Rxa7 Rxf1+ 37. Qxf1 Nxf1 38. Kxf1 Qa1+ 39. Ke2 Qb2+ 40. Kd3 Qxg2 41. Rxe7 Qxf3+ 42. Kd4 Qf6+ 0-1